<?xml version="1.0" encoding="UTF-8"?>
<record
    xmlns:xsi="http://www.w3.org/2001/XMLSchema-instance"
    xsi:schemaLocation="http://www.loc.gov/MARC21/slim http://www.loc.gov/standards/marcxml/schema/MARC21slim.xsd"
    xmlns="http://www.loc.gov/MARC21/slim">

  <leader>00482nam a2200181 a 4500</leader>
  <controlfield tag="001">1766807035282</controlfield>
  <controlfield tag="003">ACL</controlfield>
  <controlfield tag="005">20251227091621.0</controlfield>
  <controlfield tag="008">251227s2009##################000#0#eng##</controlfield>
  <datafield tag="020" ind1=" " ind2=" ">
    <subfield code="a">9780071611589</subfield>
  </datafield>
  <datafield tag="082" ind1="0" ind2="4">
    <subfield code="a">650.01513</subfield>
    <subfield code="b">DON</subfield>
  </datafield>
  <datafield tag="100" ind1="1" ind2=" ">
    <subfield code="a">Lerner, Joel J.,</subfield>
    <subfield code="e">author.</subfield>
  </datafield>
  <datafield tag="245" ind1="1" ind2="0">
    <subfield code="a">Schaum's Outline of Basic Business Mathematics, 2ed :</subfield>
  </datafield>
  <datafield tag="260" ind1=" " ind2=" ">
    <subfield code="b">McGraw-Hill Education,</subfield>
    <subfield code="c">2009.</subfield>
  </datafield>
  <datafield tag="650" ind1=" " ind2="0">
    <subfield code="a">Study Aids.</subfield>
  </datafield>
  <datafield tag="942" ind1=" " ind2=" ">
    <subfield code="c">ENGLISH</subfield>
  </datafield>
  <datafield tag="040" ind1=" " ind2=" ">
    <subfield code="a">ACL</subfield>
    <subfield code="b">eng</subfield>
    <subfield code="c">ACL</subfield>
  </datafield>
  <datafield tag="999" ind1=" " ind2=" ">
    <subfield code="c">605495</subfield>
    <subfield code="d">605495</subfield>
  </datafield>
  <datafield tag="952" ind1=" " ind2=" ">
    <subfield code="0">0</subfield>
    <subfield code="1">0</subfield>
    <subfield code="4">0</subfield>
    <subfield code="7">0</subfield>
    <subfield code="a">ACL</subfield>
    <subfield code="b">ACL</subfield>
    <subfield code="c">6A</subfield>
    <subfield code="d">2025-12-27</subfield>
    <subfield code="l">0</subfield>
    <subfield code="o">650.01513 DON</subfield>
    <subfield code="p">487894</subfield>
    <subfield code="r">2025-12-27 09:16:21</subfield>
    <subfield code="w">2025-12-27</subfield>
    <subfield code="y">ENGLISH</subfield>
  </datafield>
</record>
